[Event "2 Этап Кубка Москвы"]
[Site "Moscow"]
[Date "2017.04.29"]
[Round "8.10"]
[White "Elyshev, Lev"]
[Black "Grigoryev, Vladislav"]
[Result "1-0"]
[WhiteElo "1782"]
[BlackElo "1837"]
[PlyCount "75"]
[EventDate "2017.04.15"]

1. c4 Nf6 2. Nc3 e6 3. e4 d5 4. e5 d4 5. exf6 dxc3 6. bxc3 Qxf6 7. d4 e5 8. Nf3
exd4 9. cxd4 Bb4+ 10. Bd2 Bxd2+ 11. Qxd2 O-O 12. Be2 Nc6 13. O-O Rd8 14. d5 Bg4
15. Rab1 Rab8 16. Rfe1 Bxf3 17. Bxf3 Ne5 18. Be2 b6 19. Rb3 c6 20. f4 Ng6 21.
g3 cxd5 22. cxd5 Qd6 23. Bf3 Rbc8 24. Rc3 Rc5 25. Rce3 Nf8 26. Re8 Rcc8 27.
R8e7 Qc5+ 28. Qe3 Qxe3+ 29. R1xe3 Rc1+ 30. Kf2 Rc2+ 31. Re2 Rxe2+ 32. Kxe2 Nd7
33. d6 a5 34. Bc6 Nf6 35. Rc7 Ne8 36. Bxe8 Rxe8+ 37. Kd3 g5 38. d7 1-0

[Event "2 Этап Кубка Москвы"]
[Site "Moscow"]
[Date "2017.04.29"]
[Round "8.13"]
[White "Solozhenkin, Sevastyan"]
[Black "Chapygin, Sergey"]
[Result "0-1"]
[WhiteElo "1243"]
[BlackElo "1914"]
[PlyCount "76"]
[EventDate "2017.04.15"]

1. e4 e5 2. Nf3 Nc6 3. Bb5 f5 4. exf5 e4 5. Qe2 Qe7 6. Bxc6 dxc6 7. Nd4 Nf6 8.
O-O c5 9. Nb3 Bxf5 10. Re1 O-O-O 11. d3 Re8 12. dxe4 Qxe4 13. Qxe4 Bxe4 14. Na3
Bd6 15. Be3 b6 16. h3 Nd5 17. g3 Bf5 18. Kg2 Rhf8 19. Bd2 Be4+ 20. Kg1 a5 21.
c4 Nb4 22. Bxb4 axb4 23. Nb5 Bd3 24. Nxd6+ cxd6 25. Nd2 Kd7 26. b3 Rxe1+ 27.
Rxe1 Ra8 28. Ra1 b5 29. cxb5 Bxb5 30. f3 d5 31. Kf2 c4 32. bxc4 dxc4 33. Ke1
Kc6 34. Kd1 Ba4+ 35. Kc1 c3 36. Nb1 Rd8 37. Nxc3 bxc3 38. Rb1 Rd1# 0-1

[Event "2 Этап Кубка Москвы"]
[Site "Moscow"]
[Date "2017.04.29"]
[Round "8.3"]
[White "Losev, Dmitry"]
[Black "Prokopchuk, Yury"]
[Result "0-1"]
[WhiteElo "2170"]
[BlackElo "2263"]
[PlyCount "56"]
[EventDate "2017.04.15"]

1. c4 e6 2. g3 Nf6 3. Bg2 d5 4. Nf3 Be7 5. O-O O-O 6. b3 b6 7. Bb2 Bb7 8. e3
Nbd7 9. Nc3 Nc5 10. d4 Nce4 11. Rc1 Nxc3 12. Rxc3 Ne4 13. Rc2 c6 14. Ne5 Rc8
15. Qb1 f6 16. Nd3 Qd7 17. Rfc1 Rc7 18. a4 Rfc8 19. Qa2 dxc4 20. bxc4 c5 21. d5
exd5 22. Nf4 d4 23. exd4 cxd4 24. c5+ Kh8 25. c6 Bxc6 26. Ne6 d3 27. Bxe4 dxc2
28. Bxc2 Bd5 0-1

[Event "2 Этап Кубка Москвы"]
[Site "Moscow"]
[Date "2017.04.29"]
[Round "8.7"]
[White "Fridman, Roman A"]
[Black "Alperin, Volt"]
[Result "0-1"]
[WhiteElo "1685"]
[BlackElo "2182"]
[PlyCount "64"]
[EventDate "2017.04.15"]

1. e4 e5 2. Nf3 Nc6 3. Bb5 Nf6 4. O-O Nxe4 5. Re1 Nd6 6. Bxc6 dxc6 7. Nxe5 Be7
8. Nc3 O-O 9. d3 Be6 10. Qe2 Re8 11. Bf4 Nf5 12. Bg3 Nd4 13. Qd2 Bg5 14. f4 Bh4
15. Ne4 Bxg3 16. Nxg3 f6 17. Nc4 Qd7 18. Ne3 c5 19. Qf2 b6 20. Rad1 Bxa2 21. b3
Nc6 22. Ra1 Nb4 23. Qd2 Rad8 24. Qc3 Qd4 25. Qxd4 cxd4 26. Nc4 Kf7 27. Rec1 a5
28. Kf2 Bxb3 29. cxb3 Nxd3+ 30. Kf1 Nxc1 31. Rxc1 d3 32. Nd2 c5 0-1

[Event "2 Этап Кубка Москвы"]
[Site "Moscow"]
[Date "2017.04.29"]
[Round "8.8"]
[White "Voronkov, Denis"]
[Black "Borisov, Evgenij"]
[Result "1-0"]
[WhiteElo "2149"]
[BlackElo "2113"]
[PlyCount "103"]
[EventDate "2017.04.15"]

1. d4 d6 2. c4 e5 3. e3 Be7 4. Nc3 c6 5. Nf3 Qc7 6. Be2 Nf6 7. Qc2 Bg4 8. O-O
a5 9. h3 Bh5 10. a3 Bg6 11. e4 Nbd7 12. Bd3 O-O 13. d5 Rfc8 14. Qe2 Nc5 15. Bc2
Nfd7 16. Be3 a4 17. Nd2 Qd8 18. g3 Bg5 19. f4 exf4 20. gxf4 Bh6 21. Qf2 Qe7 22.
Bd4 Bh5 23. Rae1 Re8 24. Kh1 g6 25. e5 Bg7 26. Nde4 Nxe4 27. Nxe4 dxe5 28. d6
Qe6 29. Ng5 Qxc4 30. fxe5 Bxe5 31. Bxe5 Rxe5 32. Nxf7 Rxe1 33. Qxe1 Be2 34.
Nh6+ Kg7 35. Rf7+ Kh8 36. Rxd7 Qd5+ 37. Kh2 Qe5+ 38. Qg3 Qxb2 39. Re7 Bh5 40.
Qe5+ Qxe5+ 41. Rxe5 Kg7 42. Ng4 Bxg4 43. hxg4 Rd8 44. Re7+ Kf6 45. Rxb7 Rxd6
46. Bxa4 Rd4 47. Rb4 Rd3 48. Rb3 Rd4 49. Bxc6 Rxg4 50. a4 Ke5 51. a5 Kd6 52.
Bb5 1-0

[Event "2 Этап Кубка Москвы"]
[Site "Moscow"]
[Date "2017.04.29"]
[Round "8.5"]
[White "Prakhov, Nikolay"]
[Black "Kedrov, Valery V"]
[Result "0-1"]
[WhiteElo "1895"]
[BlackElo "2150"]
[PlyCount "58"]
[EventDate "2017.04.15"]

1. Nf3 c5 2. c4 Nc6 3. Nc3 g6 4. g3 Bg7 5. Bg2 e6 6. d3 Nge7 7. Bf4 d5 8. cxd5
Nxd5 9. Bd2 O-O 10. O-O b6 11. Qc1 Bb7 12. Bh6 Re8 13. Bxg7 Kxg7 14. Qd2 Rc8
15. Rac1 Qd7 16. Rfd1 Rcd8 17. d4 cxd4 18. Nxd4 Nxc3 19. Qxc3 Nxd4 20. e3 e5
21. exd4 exd4 22. Qb3 Bxg2 23. Kxg2 Re2 24. Rd3 Rde8 25. Qc4 Qb7+ 26. Qc6 Qxc6+
27. Rxc6 Rxb2 28. Rxd4 Rxa2 29. Rc7 Re6 0-1

[Event "2 Этап Кубка Москвы"]
[Site "Moscow"]
[Date "2017.04.30"]
[Round "9.1"]
[White "Kozlov, Vladimir N"]
[Black "Vekerchuk, Maxim"]
[Result "1-0"]
[WhiteElo "2253"]
[BlackElo "2061"]
[PlyCount "96"]
[EventDate "2017.04.15"]

1. e4 c6 2. Nc3 d5 3. Nf3 Bg4 4. h3 Bxf3 5. Qxf3 e6 6. g3 Nd7 7. d4 Bb4 8. a3
Qa5 9. Bd2 dxe4 10. Qxe4 Ngf6 11. Qf3 Nd5 12. Bg2 Nxc3 13. bxc3 Be7 14. O-O O-O
15. Rfb1 Nb6 16. a4 Rfd8 17. Qe2 Rab8 18. Be4 g6 19. c4 Qh5 20. Bf3 Qf5 21. c5
Nd7 22. Bf4 Bf6 23. Bg4 Qd5 24. Bxb8 Nxb8 25. c3 Rd7 26. Rb2 h5 27. Bf3 Qf5 28.
Rab1 b6 29. cxb6 a5 30. Kg2 h4 31. Qe4 Qxe4 32. Bxe4 hxg3 33. f4 g5 34. Kxg3
gxf4+ 35. Kxf4 Bg7 36. b7 Re7 37. Rg2 Kf8 38. Kf3 Bf6 39. Bxc6 Rc7 40. d5 exd5
41. Bxd5 Rxc3+ 42. Kg4 Rd3 43. Rf2 Kg7 44. Rb5 Nd7 45. Be4 Rd4 46. Kf5 Nb8 47.
Rd5 Rxa4 48. Rg2+ Kh6 1-0

[Event "2 Этап Кубка Москвы"]
[Site "Moscow"]
[Date "2017.04.30"]
[Round "9.2"]
[White "Kovtunenko, Alexandr"]
[Black "Prokopchuk, Yury"]
[Result "0-1"]
[WhiteElo "2097"]
[BlackElo "2263"]
[PlyCount "76"]
[EventDate "2017.04.15"]

1. e4 d5 2. exd5 Qxd5 3. Nc3 Qa5 4. Bc4 Nf6 5. d3 c6 6. Nge2 g6 7. O-O Bg7 8.
Ng3 O-O 9. Bf4 Nbd7 10. Qd2 e5 11. Bh6 Qc7 12. Bxg7 Kxg7 13. f4 b5 14. fxe5
Qxe5 15. d4 Qc7 16. Bb3 a5 17. a3 h6 18. Rf3 Bb7 19. Raf1 c5 20. Nce4 Bxe4 21.
Nxe4 Ra6 22. Qf2 Qd8 23. Nxf6 Rxf6 24. dxc5 Rxf3 25. Qxf3 Qe7 26. Qc3+ Ne5 27.
Qxa5 Qxc5+ 28. Kh1 Ng4 29. Qd2 Qe5 30. Qf4 Qxf4 31. Rxf4 f5 32. h3 Ne3 33. Rb4
Rd8 34. Rxb5 Rd1+ 35. Kh2 f4 36. g4 Kf6 37. h4 Nxg4+ 38. Kg2 Ne5 0-1

[Event "2 Этап Кубка Москвы"]
[Site "Moscow"]
[Date "2017.04.30"]
[Round "9.8"]
[White "Elyshev, Lev"]
[Black "Prakhov, Nikolay"]
[Result "1/2-1/2"]
[WhiteElo "1782"]
[BlackElo "1895"]
[PlyCount "83"]
[EventDate "2017.04.15"]

1. g3 d5 2. c4 dxc4 3. Qa4+ Bd7 4. Qxc4 Bc6 5. Nf3 Nd7 6. Bg2 Nb6 7. Qc2 e6 8.
O-O Nf6 9. Nc3 Be7 10. b3 O-O 11. Bb2 Nbd5 12. a3 Nxc3 13. Qxc3 Ne4 14. Qc2 Bf6
15. d4 Nd6 16. Rac1 Rc8 17. Ne5 Bxg2 18. Kxg2 c6 19. Rcd1 Be7 20. e4 f6 21. Nf3
Nf7 22. Qe2 b5 23. h4 Qa5 24. b4 Qb6 25. h5 Rfd8 26. Nh4 Bf8 27. f4 a5 28. Bc3
axb4 29. axb4 Qb7 30. g4 Nd6 31. e5 c5+ 32. d5 exd5 33. exd6 d4+ 34. Kg3 dxc3
35. bxc5 Rxc5 36. d7 c2 37. Qe6+ Kh8 38. Rc1 Qxd7 39. Qxd7 Rxd7 40. Rf2 Rc3+
41. Rf3 Rxf3+ 42. Nxf3 1/2-1/2

[Event "2 Этап Кубка Москвы"]
[Site "Moscow"]
[Date "2017.04.30"]
[Round "9.10"]
[White "Melnik, Alexander"]
[Black "Fridman, Roman A"]
[Result "1-0"]
[WhiteElo "1813"]
[BlackElo "1685"]
[PlyCount "87"]
[EventDate "2017.04.15"]

1. e4 e5 2. Nf3 Nc6 3. Bc4 Nf6 4. Ng5 d5 5. exd5 Na5 6. Bb5+ c6 7. dxc6 bxc6 8.
Qf3 Rb8 9. Bxc6+ Nxc6 10. Qxc6+ Nd7 11. d3 Be7 12. Ne4 Bb7 13. Nd6+ Bxd6 14.
Qxd6 Bxg2 15. Rg1 Rb6 16. Qa3 Rg6 17. Be3 e4 18. Nd2 exd3 19. O-O-O Bd5 20.
Rxg6 hxg6 21. Qxd3 Be6 22. Ne4 Qa5 23. Nc5 Nxc5 24. Bxc5 Rh5 25. Bb4 Qc7 26.
Qd6 Qxd6 27. Bxd6 Ra5 28. Rd2 Rd5 29. a4 g5 30. b4 a6 31. Rxd5 Bxd5 32. Kb2 Kd7
33. Bc5 Kc6 34. Kc3 Be4 35. Kb3 f5 36. c4 g4 37. Be3 Kd6 38. Bf4+ Ke6 39. b5
axb5 40. axb5 Kf6 41. c5 g5 42. Bc7 f4 43. Kb4 g3 44. hxg3 1-0

[Event "2 Этап Кубка Москвы"]
[Site "Moscow"]
[Date "2017.04.30"]
[Round "9.11"]
[White "Magomedov, Rustam"]
[Black "Chapygin, Sergey"]
[Result "0-1"]
[WhiteElo "1635"]
[BlackElo "1914"]
[PlyCount "43"]
[EventDate "2017.04.15"]

1. d4 Nf6 2. e3 c5 3. Bd3 d5 4. b3 cxd4 5. exd4 Nc6 6. Nf3 Bg4 7. Bb2 e6 8. a3
Bd6 9. Nbd2 Qc7 10. O-O Bxh2+ 11. Kh1 Bf4 12. Be2 h5 13. g3 Bd6 14. Rg1 h4 15.
gxh4 Bf4 16. Rxg4 Nxg4 17. Qg1 f5 18. Nf1 O-O-O 19. c3 g5 20. Bc1 gxh4 21. Bxf4
Qxf4 22. Bb5 0-1

[Event "2 Этап Кубка Москвы"]
[Site "Moscow"]
[Date "2017.04.30"]
[Round "9.3"]
[White "Alperin, Volt"]
[Black "Skvortsov, Aleksandr"]
[Result "1-0"]
[WhiteElo "2182"]
[BlackElo "2055"]
[PlyCount "65"]
[EventDate "2017.04.15"]

1. e4 c5 2. b3 e6 3. c4 d5 4. exd5 exd5 5. cxd5 Qxd5 6. Nf3 Bg4 7. Be2 Nc6 8.
O-O Bd6 9. Bb2 Nge7 10. h3 Bxf3 11. Bxf3 Qf5 12. Bxg7 Rg8 13. Bg4 Qg6 14. Bb2
h5 15. Bf3 Nd4 16. Nc3 Qf5 17. Bxb7 Rb8 18. Ne4 Be5 19. Bxd4 cxd4 20. Ng3 Qf4
21. Qf3 h4 22. Qxf4 Bxf4 23. Ne2 Bxd2 24. Be4 f5 25. Bf3 d3 26. Rfd1 Bg5 27.
Rxd3 Kf7 28. Rd7 Ke6 29. Rad1 a5 30. R1d6+ Ke5 31. Nd4 Rbd8 32. Re6+ Kf4 33.
Ne2# 1-0